Modern systems analysis and design / (Record no. 50)

MARC details
000 -LEADER
fixed length control field 00598cam a2200193 4500
001 - CONTROL NUMBER
control field 62
008 - FIXED-LENGTH DATA ELEMENTS--GENERAL INFORMATION
fixed length control field 040213s2004 nju 000 0 eng
010 ## - LIBRARY OF CONGRESS CONTROL NUMBER
LC control number 2004044470
020 ## - INTERNATIONAL STANDARD BOOK NUMBER
International Standard Book Number 0131454617
100 1# - MAIN ENTRY--PERSONAL NAME
Personal name Hoffer, Jeffrey A.
245 10 - TITLE STATEMENT
Title Modern systems analysis and design /
Statement of responsibility, etc. Jeffrey A. Hoffer, Joey F. George, Joseph S. Valacich.
250 ## - EDITION STATEMENT
Edition statement 4th ed.
260 ## - PUBLICATION, DISTRIBUTION, ETC.
Place of publication, distribution, etc. Upper Saddle River, NJ :
Name of publisher, distributor, etc. Pearson Prentice Hall,
Date of publication, distribution, etc. 2004.
300 ## - PHYSICAL DESCRIPTION
Extent xxxiii, 614 p. : ill. ; 27 cm.
650 #0 - SUBJECT ADDED ENTRY--TOPICAL TERM
Topical term or geographic name entry element System analysis.
Topical term or geographic name entry element System design.
700 1# - ADDED ENTRY--PERSONAL NAME
Personal name George, Joey F.
Personal name Valacich, Joseph S.,
Dates associated with a name 1959-
Holdings
Withdrawn status Lost status Source of classification or shelving scheme Damaged status Not for loan Collection code Home library Current library Shelving location Date acquired Cost, normal purchase price Serial Enumeration / chronology Inventory number Full call number Barcode Date last seen Copy number Price effective from Koha item type Total Checkouts
    Dewey Decimal Classification     Main TEST RTC Library RTC Library Main opac 27/11/2018 328.00 192 005.1 HOF 30002460 27/11/2018 1 27/11/2018 Main  
    Dewey Decimal Classification     Main TEST RTC Library RTC Library Main opac 27/11/2018 328.00 187 005.1 HOF 30004553 27/11/2018 11 27/11/2018 Main  
    Dewey Decimal Classification     Main TEST RTC Library RTC Library Main opac 27/11/2018 328.00 195 005.1 HOF 30004369 27/11/2018 6 27/11/2018 Main  
    Dewey Decimal Classification     Main TEST RTC Library RTC Library Main opac 27/11/2018 328.00 194 005.1 HOF 30004353 27/11/2018 7 27/11/2018 Main  
    Dewey Decimal Classification     Main TEST RTC Library RTC Library Main opac 27/11/2018 328.00 189 005.1 HOF 30004423 27/11/2018 12 27/11/2018 Main  
    Dewey Decimal Classification     Main TEST RTC Library RTC Library Main opac 27/11/2018 328.00 186 005.1 HOF 30004564 27/11/2018 8 27/11/2018 Main  
    Dewey Decimal Classification     Main TEST RTC Library RTC Library Main opac 27/11/2018 328.00 193 005.1 HOF 30004375 27/11/2018 4 27/11/2018 Main  
    Dewey Decimal Classification     Main TEST RTC Library RTC Library Main opac 27/11/2018 328.00 197 005.1 HOF 30004439 27/11/2018 5 27/11/2018 Main  
    Dewey Decimal Classification     Main TEST RTC Library RTC Library Main opac 27/11/2018 328.00 196 005.1 HOF 30004558 27/11/2018 10 27/11/2018 Main  
  Missing Dewey Decimal Classification     Main TEST RTC Library RTC Library Main opac 27/11/2018   72 005.1 HOF 30005550 27/11/2018 2 27/11/2018 Main  
    Dewey Decimal Classification     Main TEST RTC Library RTC Library Main opac 27/11/2018 328.00 190 005.1 HOF 30004454 27/11/2018 3 27/11/2018 Main  
    Dewey Decimal Classification     Main TEST RTC Library RTC Library Main opac 27/11/2018 328.00 188 005.1 HOF 30004573 27/11/2018 9 27/11/2018 Main  
Royal Thimphu College || All Right Reserved